| 000 | 00492nam a22001577a 4500 | ||
|---|---|---|---|
| 020 | _a9789332519084 | ||
| 040 | _cNUST | ||
| 082 |
_a519.5 _bPRO |
||
| 100 | _aWalpole ,Ronald E | ||
| 110 |
_aMyers ,Raymond .H , Myers ,Sharon .L ,Ye , Keying .E _9123484 |
||
| 245 | _aProbability and Statistics for Engineers and Scientists | ||
| 250 | _aNinth Edition | ||
| 260 |
_aIndia: _bPearson, _c2014. |
||
| 650 |
_aProbability and Statistics for Engineers and Scientists _9123485 |
||
| 942 |
_2ddc _cBK |
||
| 999 |
_c609662 _d609662 |
||